Education and public health : (Record no. 146670)

MARC details
000 -LEADER
fixed length control field 00648nam a22001817a 4500
005 - DATE AND TIME OF LATEST TRANSACTION
control field 20171016142814.0
010 ## - LCCN (DPL NO)
LC control number ENG-121002
020 ## - INTERNATIONAL STANDARD BOOK NUMBER
International Standard Book Number 9789350353776
Terms of availability 325.00
035 ## - SYSTEM CONTROL NUMBER
System control number EN-104534
037 ## - SOURCE OF ACQUISITION
Source of stock number/acquisition DBAD/PUB
082 ## - DEWEY DECIMAL CLASSIFICATION NUMBER
Classification number 379.54
100 ## - MAIN ENTRY--PERSONAL NAME
Personal name Menon, N.R. Madhava
245 ## - TITLE STATEMENT
Title Education and public health :
Statement of responsibility, etc by N.R. Madhava Menon
Remainder of title legislative intiatives in fifty years of the republic (1950-2000) /
260 ## - PUBLICATION, DISTRIBUTION, ETC. (IMPRINT)
Place of publication, distribution, etc Delhi
Name of publisher, distributor, etc Universal Law Publishing
Date of publication, distribution, etc 2013
270 ## - ADDRESS
Address A-58, G.T. Karnal Road Industrial Area, (Near Azadpur Metro Station)
City Delhi
Postal code 110033
300 ## - PHYSICAL DESCRIPTION
Extent xi,138p.
Dimensions 25cm(Hb)
942 ## - ADDED ENTRY ELEMENTS (KOHA)
Source of classification or shelving scheme Dewey Decimal Classification
Item type English Books
Classification part 379.54
Call number suffix MEN
Holdings
Withdrawn status Lost status Not for loan Collection code Home library Current library Date acquired Source of acquisition Cost, normal purchase price Full call number Barcode Copy number Cost, replacement price Koha item type
    Not For Loan Non-fiction D.B.Act.Division Bawana 16/10/2017 DBAD/PUB 325.00 379.54 MEN EN-104534 1 325.00 English Books

© Delhi Public Library
Hit Counter
free hit counter